000 00650 a2200205 4500
008 230314b ||||| |||| 00| 0 eng d
020 _a9781260085228
050 _a QP34.5
_b.W47 2019
100 _aWidmaier, Eric P.,
245 _aVander's human physiology :
_bthe mechanisms of body function.
246 _aHuman physiology
250 _a15th ed.
260 _bMcGraw-Hill Education
_c2019
_aNew York,
300 _axxv, 709 p. :
_bcolor ill.,
_c28 cm
500 _aIncludes index.
650 _2 Human physiology.
650 _2Human physiology
_vProblems, exercises, etc.
700 _aa Vander, Arthur J.,
_d1933-
942 _cBK
_2lcc
999 _c58259
_d58259